<?xml version="1.0" encoding="UTF-8"?>
<collection xmlns:xsi="http://www.w3.org/2001/XMLSchema-instance" xsi:schemaLocation="http://www.loc.gov/MARC21/slim http://www.loc.gov/standards/marcxml/schema/MARC21slim.xsd" xmlns="http://www.loc.gov/MARC21/slim">
 <record>
  <leader>00000cmm a22000004i 4500</leader>
  <controlfield tag="001">UP-99796217611037515</controlfield>
  <controlfield tag="003">Buklod</controlfield>
  <controlfield tag="005">20230504003249.0</controlfield>
  <controlfield tag="006">m    go  j        </controlfield>
  <controlfield tag="007">cr cn |||aaaaa</controlfield>
  <controlfield tag="008">110421s2011    xx         u |      eng d</controlfield>
  <datafield tag="020" ind1=" " ind2=" ">
   <subfield code="a">9789067047371 (eBook)</subfield>
  </datafield>
  <datafield tag="035" ind1=" " ind2=" ">
   <subfield code="a">(iLib)UPD-00209103625</subfield>
  </datafield>
  <datafield tag="040" ind1=" " ind2=" ">
   <subfield code="a">DML</subfield>
  </datafield>
  <datafield tag="041" ind1="0" ind2=" ">
   <subfield code="a">eng</subfield>
  </datafield>
  <datafield tag="042" ind1=" " ind2=" ">
   <subfield code="a">DMLUC</subfield>
  </datafield>
  <datafield tag="084" ind1=" " ind2=" ">
   <subfield code="a">KZ 3410</subfield>
   <subfield code="b">N48 2011eb</subfield>
  </datafield>
  <datafield tag="245" ind1="0" ind2="0">
   <subfield code="a">Netherlands yearbook of International Law Volume 41, 2010</subfield>
   <subfield code="b">necessity across International Law</subfield>
   <subfield code="h">[electronic resource]</subfield>
   <subfield code="c">I.F. Dekker, E. Hey, general editors.</subfield>
  </datafield>
  <datafield tag="300" ind1=" " ind2=" ">
   <subfield code="a">1 online resource (xiv, 543 p.)</subfield>
  </datafield>
  <datafield tag="490" ind1="0" ind2=" ">
   <subfield code="a">Netherlands Yearbook of International Law</subfield>
   <subfield code="v">v41.</subfield>
  </datafield>
  <datafield tag="505" ind1="0" ind2=" ">
   <subfield code="a">Part 1: Articles. Necessity Across International Law--Necessity across international law - an introduction--Necessity and the use of force: a special regime--Necessity in the law of armed conflict and in international criminal law--State responsibility, necessity and human rights--A necessity paradigm of ?necessity? in international economic law--Necessity in investment arbitration--Necessity in international environmental law--The notion of necessity in the law of the European Union--Part 2: Documentation--Classification Scheme--Netherlands state practice for the parliamentary year 2008-2009--Treaties and other international agreements to which the Kingdom of the Netherlands is a party ? Conclusions and Developments 2009--Netherlands municipal legislation involving questions of public international law, 2009--Netherlands judicial decisions involving questions of public international law, 2008-2009.</subfield>
  </datafield>
  <datafield tag="506" ind1=" " ind2=" ">
   <subfield code="a">IP-based subscription, access limited to within on-campus computer network.</subfield>
   <subfield code="c">Access via Electronic Resources of the UPD University Library Website.</subfield>
  </datafield>
  <datafield tag="520" ind1=" " ind2=" ">
   <subfield code="a">Netherlands Yearbook of International (NYIL) Law has two main aims. It offers a forum for the publication of scholarly articles of a more general nature in the area of public international law, including the law of the European Union. In addition, each Yearbook provides an overview of the state practice of the Netherlands, including Dutch judicial decisions involving questions of public international law.   In this volume of NYIL ?necessity? is the focus of analysis. Necessity plays a significant role in any legal system, as unpredictable or extraordinary situations can require the adoption of measures departing from the normally applicable law in order to protect basic values and fundamental interests. International law is not an exception. The scholarly articles in this volume discuss the role of the principle of necessity in different fields of international law, namely in conflict and security law, humanitarian law, human rights law, environmental law, international trade law, and foreign investment law. Each contribution reflects on central questions of the theme of necessity, such as the nature of the necessity plea, the role of the Articles on State Responsibility and general customary law, and the use of cross-references in case law to international decisions in other, but in terms of necessity related, fields of international law.</subfield>
  </datafield>
  <datafield tag="533" ind1=" " ind2=" ">
   <subfield code="a">Electronic reproduction .</subfield>
   <subfield code="b">New York</subfield>
   <subfield code="c">SpringerLink</subfield>
   <subfield code="d">2011.</subfield>
   <subfield code="n">Available via World Wide Web through SpringerLink.</subfield>
  </datafield>
  <datafield tag="650" ind1=" " ind2="0">
   <subfield code="a">International law</subfield>
   <subfield code="v">Netherlands.</subfield>
  </datafield>
  <datafield tag="650" ind1=" " ind2="0">
   <subfield code="a">Necessity (International law)</subfield>
  </datafield>
  <datafield tag="650" ind1=" " ind2="0">
   <subfield code="a">Electronic books.</subfield>
  </datafield>
  <datafield tag="710" ind1="2" ind2="2">
   <subfield code="a">SpringerLink (Online Service).</subfield>
  </datafield>
  <datafield tag="842" ind1=" " ind2=" ">
   <subfield code="a">Electronic Resource</subfield>
  </datafield>
  <datafield tag="856" ind1="4" ind2="0">
   <subfield code="y">Available for the University of the Philippines Diliman via Gale Virtual Reference Library. Click here to access</subfield>
   <subfield code="u">http://link.springer.com/book/10.1007/978-90-6704-737-1</subfield>
  </datafield>
  <datafield tag="905" ind1=" " ind2=" ">
   <subfield code="a">FO</subfield>
  </datafield>
  <datafield tag="950" ind1=" " ind2=" ">
   <subfield code="a">Monograph</subfield>
  </datafield>
  <datafield tag="852" ind1="0" ind2=" ">
   <subfield code="a">UPD</subfield>
   <subfield code="b">DMLR</subfield>
  </datafield>
  <datafield tag="942" ind1=" " ind2=" ">
   <subfield code="a">Electronic Resource</subfield>
  </datafield>
 </record>
</collection>
